000 00582nam a22002057a 4500
001 00529
003 DO-SdBNP
005 20180403090650.0
007 00529
008 160610b xx 19--||||| |||| 00| 0 spa d
040 _aBPMSU
_bspa
_cBPMSU
092 _axxxxxxxxx
_bxxxxxxxxx
100 1 _aCapo, Nicolas
245 1 _aMis observaciones sobre el limón, el ajo y la cebolla /
_cNicolas Capo
300 _a96 p. :
_bil.,
_c21 cm.
500 _aNueva edición corregida y aumentada
942 _2ddc
_cBK
945 _aInventariado / 2018 VM
956 _aBTAVÄREZ
_b10
_c10062016
_d00529
999 _c10356
_d10356